000 00555nam a22001817a 4500
003 UA-OsUOA
001 15970
007 ta
008 20031215b un ||||| |||| 00| 0 ukr d
100 _aПривітний О.
942 _cSA
040 _aUA-OsUOA
_cUA-OsUOA
_dUA-OsUOA
245 _aПредставницький форум соціалістів Рівненщини
300 _aС.1-2
955 _a0
773 0 _w0
_tРівненський діалог
_dРівне
_d2003
_g№39/5 груд./
650 7 _aКраєзнавча робота
_2UDC
999 _c302135
_d302135